00401cam a22001097a 4500008004000000082003000040100002500070245007500095260004900170300001100219440006100230180718b1976 xxu||||| |||| 00| 0 eng d aA81x54 In2/71/21/PT10B/GO aCensus of India 1971 aUttar Pradesh district census handbook, Gonda: primary census abstract aLucknowbDirector of Census Operationsc1976 a263+p. aCensus of India 1971. Series-21, Uttar Pradesh. Part X-B